[Event "Deutsche Ländermeisterschaft 2017"]
[Site "Hannover GER"]
[Date "2017.09.30"]
[Round "1"]
[White "Biastoch, Bennet"]
[Black "Zienert, Richard"]
[Result "0-1"]
[Termination "normal"]
[Board "2.2"]
[WhiteElo "2120"]
[BlackElo "2293"]
[WhiteClock "00:07:53"]
[BlackClock "00:29:54"]
[WhiteTeam "Sachsen-Anhalt"]
[BlackTeam "Sachsen"]
[PlyCount "59"]
[WhiteFideId "12939889"]
[BlackFideId "12945986"]
[EventCountry "GER"]
[EventRounds "7"]
[EventType "team-swiss"]
[EventDate "2017.09.29"]

1. e4 {[%clk 1:30:57]} c5 {[%clk 1:30:55]} 2. Nf3 {[%clk 1:31:20]} d6 {[%clk
1:31:23]} 3. d4 {[%clk 1:31:39]} cxd4 {[%clk 1:31:48]} 4. Nxd4 {[%clk 1:32:01]}
Nf6 {[%clk 1:32:14]} 5. Nc3 {[%clk 1:32:19]} a6 {[%clk 1:32:40]} 6. Bg5 {[%clk
1:32:19]} Nbd7 {[%clk 1:33:00]} 7. Bc4 {[%clk 1:30:25]} Qc7 {[%clk 1:26:52]} 8.
Qe2 {[%clk 1:22:32]} h6 {[%clk 1:14:43]} 9. Bh4 {[%clk 1:05:13]} g6 {[%clk
1:13:07]} 10. O-O-O {[%clk 1:02:20]} Bg7 {[%clk 1:10:12]} 11. f4 {[%clk
0:58:56]} O-O {[%clk 0:57:14]} 12. Nf3 {[%clk 0:45:41]} Ng4 {[%clk 0:46:36]}
13. e5 {[%clk 0:32:17]} dxe5 {[%clk 0:45:13]} 14. fxe5 {[%clk 0:31:47]} Re8
{[%clk 0:43:12]} 15. Bxe7 {[%clk 0:32:11]} Qa5 {[%clk 0:43:12]} 16. Bd6 {[%clk
0:24:27]} b5 {[%clk 0:42:46]} 17. Rhe1 {[%clk 0:17:44]} Nf2 {[%clk 0:42:21]}
18. Qe4 {[%clk 0:18:02]} Nxd1 {[%clk 0:42:45]} 19. Qxa8 {[%clk 0:16:22]} bxc4
{[%clk 0:43:06]} 20. Qc6 {[%clk 0:14:45]} Qb6 {[%clk 0:42:05]} 21. Qxc4 {[%clk
0:09:22]} Nxe5 {[%clk 0:40:59]} 22. Nxe5 {[%clk 0:08:45]} Bxe5 {[%clk 0:40:23]}
23. Bxe5 {[%clk 0:08:50]} Qe3+ {[%clk 0:40:48]} 24. Kb1 {[%clk 0:09:15]} Qxe5
{[%clk 0:41:13]} 25. Qc6 {[%clk 0:09:39]} Rf8 {[%clk 0:39:33]} 26. Ne4 {[%clk
0:08:09]} Bb7 {[%clk 0:33:39]} 27. Qxb7 {[%clk 0:08:22]} Rb8 {[%clk 0:34:07]}
28. Nf6+ {[%clk 0:07:56]} Kg7 {[%clk 0:30:07]} 29. Nd7 {[%clk 0:07:32]} Qe2
{[%clk 0:29:54]} 30. Qf3 {[%clk 0:07:53]} 1-0

[Event "Deutsche Ländermeisterschaft 2017"]
[Site "Hannover GER"]
[Date "2017.09.30"]
[Round "1"]
[White "Nguyen, Alex Dac-Vuong"]
[Black "Post, Hugo"]
[Result "0-1"]
[Termination "normal"]
[Board "2.3"]
[WhiteElo "2131"]
[BlackElo "2023"]
[WhiteClock "00:27:16"]
[BlackClock "01:26:52"]
[WhiteTeam "Sachsen"]
[BlackTeam "Sachsen-Anhalt"]
[PlyCount "116"]
[WhiteFideId "12984388"]
[BlackFideId "12962490"]
[EventCountry "GER"]
[EventRounds "7"]
[EventType "team-swiss"]
[EventDate "2017.09.29"]

1. e4 {[%clk 1:30:58]} c6 {[%clk 1:30:55]} 2. d4 {[%clk 1:30:59]} d5 {[%clk
1:31:20]} 3. Nd2 {[%clk 1:30:42]} dxe4 {[%clk 1:31:45]} 4. Nxe4 {[%clk
1:31:06]} Bf5 {[%clk 1:32:12]} 5. Ng3 {[%clk 1:31:23]} Bg6 {[%clk 1:32:37]} 6.
h4 {[%clk 1:31:15]} h6 {[%clk 1:33:01]} 7. Nf3 {[%clk 1:30:47]} Nd7 {[%clk
1:33:25]} 8. h5 {[%clk 1:30:36]} Bh7 {[%clk 1:33:50]} 9. Bd3 {[%clk 1:30:20]}
Bxd3 {[%clk 1:34:12]} 10. Qxd3 {[%clk 1:30:42]} e6 {[%clk 1:34:40]} 11. Bd2
{[%clk 1:30:23]} Ngf6 {[%clk 1:35:02]} 12. O-O-O {[%clk 1:27:34]} Be7 {[%clk
1:35:16]} 13. Ne4 {[%clk 1:25:50]} Nxe4 {[%clk 1:35:16]} 14. Qxe4 {[%clk
1:26:15]} Nf6 {[%clk 1:35:40]} 15. Qe2 {[%clk 1:23:48]} Qd5 {[%clk 1:32:50]}
16. c4 {[%clk 1:15:32]} Qe4 {[%clk 1:32:59]} 17. Rde1 {[%clk 1:13:20]} Qxe2
{[%clk 1:32:59]} 18. Rxe2 {[%clk 1:13:41]} O-O {[%clk 1:32:46]} 19. Ne5 {[%clk
1:07:09]} Rfd8 {[%clk 1:32:35]} 20. Be3 {[%clk 1:00:57]} Rac8 {[%clk 1:30:18]}
21. Rc2 {[%clk 0:43:47]} c5 {[%clk 1:24:15]} 22. dxc5 {[%clk 0:37:13]} Bxc5
{[%clk 1:24:15]} 23. Bxc5 Rxc5 {[%clk 1:24:59]} 24. f4 {[%clk 0:34:56]} Rd4
{[%clk 1:24:10]} 25. g4 {[%clk 0:24:20]} Ra5 {[%clk 1:09:34]} 26. b4 {[%clk
0:15:07]} Ra4 {[%clk 1:09:54]} 27. g5 {[%clk 0:13:59]} Nd7 {[%clk 1:07:21]} 28.
Nxd7 {[%clk 0:06:35]} Rxd7 {[%clk 1:07:44]} 29. gxh6 {[%clk 0:05:41]} gxh6
{[%clk 1:08:05]} 30. Rd1 {[%clk 0:03:41]} Rxd1+ {[%clk 1:08:25]} 31. Kxd1
{[%clk 0:04:10]} Rxb4 {[%clk 1:08:42]} 32. Kd2 {[%clk 0:03:46]} Rb1 {[%clk
1:08:21]} 33. Ke3 {[%clk 0:02:31]} Kf8 {[%clk 1:06:01]} 34. Ke4 {[%clk
0:01:46]} Ke7 {[%clk 1:05:34]} 35. c5 {[%clk 0:01:32]} Re1+ {[%clk 1:03:46]}
36. Kf3 {[%clk 0:01:05]} Kd7 {[%clk 1:04:07]} 37. Rd2+ {[%clk 0:01:08]} Kc6
{[%clk 1:02:34]} 38. Rd6+ {[%clk 0:01:14]} Kc7 {[%clk 1:02:53]} 39. Rd2 {[%clk
0:00:40]} Rh1 {[%clk 1:02:45]} 40. Kg4 {[%clk 0:00:40]} Rc1 {[%clk 1:02:33]}
41. f5 {[%clk 0:29:14]} Rg1+ {[%clk 1:24:13]} 42. Kh4 {[%clk 0:28:33]} Rh1+
{[%clk 1:24:09]} 43. Kg4 {[%clk 0:28:49]} exf5+ {[%clk 1:24:34]} 44. Kxf5
{[%clk 0:27:31]} Rxh5+ {[%clk 1:24:59]} 45. Kf6 {[%clk 0:27:50]} Rxc5 {[%clk
1:25:22]} 46. Kxf7 {[%clk 0:28:15]} Rc6 {[%clk 1:25:40]} 47. Ke7 {[%clk
0:28:20]} a5 {[%clk 1:25:08]} 48. Rd5 {[%clk 0:28:09]} b6 {[%clk 1:25:32]} 49.
Rd7+ {[%clk 0:28:00]} Kc8 {[%clk 1:25:34]} 50. Rd5 {[%clk 0:28:07]} Rc2 {[%clk
1:25:29]} 51. a4 {[%clk 0:27:16]} Rc4 {[%clk 1:25:53]} 52. Kd6 {[%clk 0:27:04]}
Kb7 {[%clk 1:26:00]} 53. Rh5 {[%clk 0:27:03]} Rxa4 {[%clk 1:25:58]} 54. Kd5
{[%clk 0:27:17]} Rg4 {[%clk 1:25:51]} 55. Rxh6 {[%clk 0:27:36]} a4 56. Rh3
{[%clk 0:27:26]} Ka6 {[%clk 1:26:30]} 57. Kc6 {[%clk 0:27:19]} b5 {[%clk
1:26:29]} 58. Rh8 {[%clk 0:27:16]} Rc4+ {[%clk 1:26:52]} 0-1

[Event "Deutsche Ländermeisterschaft 2017"]
[Site "Hannover GER"]
[Date "2017.09.30"]
[Round "1"]
[White "Dietz, Florian"]
[Black "Lutz, Ruben"]
[Result "0-1"]
[Termination "normal"]
[Board "2.4"]
[WhiteElo "2026"]
[BlackElo "1914"]
[WhiteClock "00:21:41"]
[BlackClock "00:17:38"]
[WhiteTeam "Sachsen-Anhalt"]
[BlackTeam "Sachsen"]
[PlyCount "58"]
[WhiteFideId "12939897"]
[BlackFideId "12975974"]
[EventCountry "GER"]
[EventRounds "7"]
[EventType "team-swiss"]
[EventDate "2017.09.29"]

1. e4 {[%clk 1:30:56]} c5 {[%clk 1:28:34]} 2. c3 {[%clk 1:30:14]} Nf6 {[%clk
1:26:59]} 3. e5 {[%clk 1:29:57]} Nd5 {[%clk 1:27:11]} 4. Nf3 {[%clk 1:30:18]}
d6 {[%clk 1:25:40]} 5. d4 {[%clk 1:29:21]} cxd4 {[%clk 1:24:43]} 6. cxd4 {[%clk
1:29:36]} e6 {[%clk 1:24:36]} 7. Bc4 {[%clk 1:29:29]} Nc6 {[%clk 1:23:37]} 8.
O-O {[%clk 1:29:51]} Be7 {[%clk 1:22:54]} 9. Qe2 {[%clk 1:28:32]} O-O {[%clk
1:17:10]} 10. Nc3 {[%clk 1:28:03]} Nxc3 {[%clk 1:15:01]} 11. bxc3 {[%clk
1:28:25]} Bd7 {[%clk 1:10:44]} 12. Bd3 {[%clk 1:25:54]} dxe5 {[%clk 1:01:24]}
13. dxe5 {[%clk 1:26:11]} Qa5 {[%clk 0:55:17]} 14. Rb1 {[%clk 1:17:39]} Rab8
{[%clk 0:52:29]} 15. Rb5 {[%clk 1:11:23]} Qc7 {[%clk 0:51:29]} 16. Bg5 {[%clk
0:56:39]} a6 {[%clk 0:45:40]} 17. Bxe7 {[%clk 0:45:47]} Nxe7 {[%clk 0:45:03]}
18. Bxh7+ {[%clk 0:44:48]} Kxh7 {[%clk 0:45:03]} 19. Ng5+ {[%clk 0:45:13]} Kg6
{[%clk 0:44:26]} 20. Qg4 {[%clk 0:41:43]} f5 {[%clk 0:39:40]} 21. Qg3 {[%clk
0:37:42]} f4 {[%clk 0:36:00]} 22. Qh4 {[%clk 0:29:22]} Nf5 {[%clk 0:32:14]} 23.
Qh7+ {[%clk 0:29:26]} Kxg5 {[%clk 0:32:31]} 24. h4+ {[%clk 0:26:39]} Nxh4
{[%clk 0:29:55]} 25. g3 {[%clk 0:26:39]} Ng6 {[%clk 0:28:43]} 26. Rb4 {[%clk
0:26:44]} Qxe5 {[%clk 0:27:51]} 27. Qh3 {[%clk 0:23:35]} Bc6 {[%clk 0:21:35]}
28. f3 {[%clk 0:21:44]} Kf6 {[%clk 0:19:16]} 29. gxf4 {[%clk 0:21:41]} Nxf4
{[%clk 0:17:38]} 0-1

[Event "Deutsche Ländermeisterschaft 2017"]
[Site "Hannover GER"]
[Date "2017.09.30"]
[Round "1"]
[White "Simon, Tessa"]
[Black "Dietz, Kristin"]
[Result "0-1"]
[Termination "normal"]
[Board "2.5"]
[WhiteElo "1917"]
[BlackElo "1675"]
[WhiteClock "00:01:30"]
[BlackClock "00:20:37"]
[WhiteTeam "Sachsen"]
[BlackTeam "Sachsen-Anhalt"]
[PlyCount "74"]
[WhiteFideId "12929395"]
[BlackFideId "12993743"]
[EventCountry "GER"]
[EventRounds "7"]
[EventType "team-swiss"]
[EventDate "2017.09.29"]

1. e4 {[%clk 1:30:53]} e6 {[%clk 1:30:55]} 2. d4 {[%clk 1:30:05]} d5 {[%clk
1:31:20]} 3. Nd2 {[%clk 1:30:03]} Nf6 {[%clk 1:31:33]} 4. e5 {[%clk 1:30:18]}
Nfd7 {[%clk 1:31:57]} 5. Bd3 {[%clk 1:30:11]} c5 {[%clk 1:32:22]} 6. c3 {[%clk
1:30:19]} Nc6 {[%clk 1:32:47]} 7. Ne2 {[%clk 1:30:37]} cxd4 {[%clk 1:33:10]} 8.
cxd4 {[%clk 1:31:01]} f6 {[%clk 1:33:35]} 9. exf6 {[%clk 1:30:58]} Nxf6 {[%clk
1:34:00]} 10. Nf3 {[%clk 1:30:59]} Bd6 {[%clk 1:34:22]} 11. O-O {[%clk
1:30:47]} Qc7 {[%clk 1:34:48]} 12. Nc3 {[%clk 1:30:50]} a6 {[%clk 1:35:10]} 13.
Be3 {[%clk 1:20:04]} O-O {[%clk 1:34:47]} 14. Rc1 {[%clk 1:20:23]} Bd7 {[%clk
1:33:52]} 15. h3 {[%clk 1:19:34]} Be8 {[%clk 1:31:59]} 16. Ng5 {[%clk 1:15:16]}
Qe7 {[%clk 1:31:22]} 17. f4 {[%clk 1:13:06]} h6 {[%clk 1:21:23]} 18. Nf3 {[%clk
1:13:02]} Nh5 {[%clk 1:21:17]} 19. Ne5 {[%clk 1:12:28]} Ng3 {[%clk 1:20:39]}
20. Re1 {[%clk 1:03:49]} Nf5 {[%clk 1:17:24]} 21. Bxf5 {[%clk 0:37:46]} Rxf5
{[%clk 1:17:46]} 22. Qd3 {[%clk 0:36:44]} Qf8 {[%clk 1:07:40]} 23. g3 {[%clk
0:29:06]} Rd8 {[%clk 0:58:24]} 24. Bf2 {[%clk 0:25:09]} Nxe5 {[%clk 0:38:59]}
25. dxe5 {[%clk 0:23:28]} Bc5 {[%clk 0:39:18]} 26. Bxc5 {[%clk 0:22:39]} Qxc5+
{[%clk 0:39:35]} 27. Kg2 {[%clk 0:22:41]} Rf6 {[%clk 0:36:52]} 28. Qg6 {[%clk
0:22:41]} Bc6 {[%clk 0:33:52]} 29. Ne4 {[%clk 0:09:08]} Qb4 {[%clk 0:30:19]}
30. Nxf6+ {[%clk 0:08:19]} Kf8 {[%clk 0:30:45]} 31. Ne8 {[%clk 0:08:16]} d4+
{[%clk 0:28:40]} 32. Kg1 {[%clk 0:07:28]} Rxe8 {[%clk 0:28:54]} 33. Qc2 {[%clk
0:06:43]} Kg8 {[%clk 0:27:35]} 34. Red1 {[%clk 0:06:01]} d3 {[%clk 0:19:33]}
35. Rxd3 {[%clk 0:03:56]} Qe4 {[%clk 0:19:52]} 36. Rcd1 {[%clk 0:01:06]} Qh1+
{[%clk 0:20:11]} 37. Kf2 {[%clk 0:01:30]} Qh2+ {[%clk 0:20:37]} 0-1

[Event "Deutsche Ländermeisterschaft 2017"]
[Site "Hannover GER"]
[Date "2017.09.30"]
[Round "1"]
[White "Stowicek, Yara Mathilda"]
[Black "Könze, Heike"]
[Result "0-1"]
[Termination "normal"]
[Board "2.6"]
[WhiteElo "1508"]
[BlackElo "1775"]
[WhiteClock "00:00:43"]
[BlackClock "00:21:10"]
[WhiteTeam "Sachsen-Anhalt"]
[BlackTeam "Sachsen"]
[PlyCount "70"]
[WhiteFideId "16203569"]
[BlackFideId "12964476"]
[EventCountry "GER"]
[EventRounds "7"]
[EventType "team-swiss"]
[EventDate "2017.09.29"]

1. e4 {[%clk 1:30:58]} c5 {[%clk 1:30:54]} 2. Nf3 {[%clk 1:31:17]} e6 {[%clk
1:31:11]} 3. d4 {[%clk 1:31:34]} cxd4 {[%clk 1:31:25]} 4. Nxd4 {[%clk 1:31:56]}
a6 {[%clk 1:31:47]} 5. c4 {[%clk 1:31:46]} Nf6 {[%clk 1:31:07]} 6. Nc3 {[%clk
1:31:12]} Qc7 {[%clk 1:30:49]} 7. Be2 {[%clk 1:30:31]} Bb4 {[%clk 1:28:43]} 8.
Qd3 {[%clk 1:22:04]} Bxc3+ {[%clk 1:28:44]} 9. bxc3 {[%clk 1:21:54]} O-O {[%clk
1:28:47]} 10. Ba3 {[%clk 1:21:27]} Re8 {[%clk 1:27:36]} 11. O-O {[%clk
1:20:51]} d5 {[%clk 1:23:45]} 12. exd5 {[%clk 1:16:58]} exd5 {[%clk 1:23:15]}
13. Rfe1 {[%clk 1:14:50]} Bd7 {[%clk 1:02:23]} 14. c5 {[%clk 0:35:11]} Nc6
{[%clk 1:01:12]} 15. Nxc6 {[%clk 0:35:11]} Bxc6 {[%clk 0:57:11]} 16. Bc1 {[%clk
0:15:36]} Bb5 {[%clk 0:54:46]} 17. Qd1 {[%clk 0:14:55]} Qxc5 {[%clk 0:54:33]}
18. Bxb5 {[%clk 0:14:28]} Qxb5 {[%clk 0:54:42]} 19. Be3 {[%clk 0:12:58]} Qc4
{[%clk 0:50:41]} 20. Bd4 {[%clk 0:12:42]} Rxe1+ {[%clk 0:48:23]} 21. Qxe1
{[%clk 0:13:05]} Re8 {[%clk 0:48:29]} 22. Qc1 {[%clk 0:10:15]} Rc8 {[%clk
0:44:26]} 23. Qg5 {[%clk 0:06:40]} Qc6 {[%clk 0:43:13]} 24. Rb1 {[%clk
0:04:40]} h6 {[%clk 0:42:32]} 25. Qf5 {[%clk 0:04:14]} b5 {[%clk 0:41:14]} 26.
Bxf6 {[%clk 0:02:20]} gxf6 {[%clk 0:41:35]} 27. Rd1 {[%clk 0:02:01]} Qe6 {[%clk
0:41:07]} 28. Qf3 {[%clk 0:02:06]} Qe4 {[%clk 0:31:46]} 29. Qxf6 {[%clk
0:01:37]} Qc2 {[%clk 0:30:44]} 30. Re1 {[%clk 0:01:46]} Qd2 {[%clk 0:28:52]}
31. Qe5 {[%clk 0:01:13]} Qxc3 {[%clk 0:28:24]} 32. Qe7 {[%clk 0:01:12]} d4
{[%clk 0:26:37]} 33. h3 {[%clk 0:00:55]} d3 {[%clk 0:21:30]} 34. Re4 {[%clk
0:00:35]} Qc1+ {[%clk 0:21:01]} 35. Re1 {[%clk 0:00:43]} d2 {[%clk 0:21:10]}
0-1

[Event "Deutsche Ländermeisterschaft 2017"]
[Site "Hannover GER"]
[Date "2017.09.30"]
[Round "1"]
[White "Peglau, Mirjam"]
[Black "Fritsch, Lea"]
[Result "1-0"]
[Termination "normal"]
[Board "2.7"]
[WhiteElo "1552"]
[BlackElo "1461"]
[WhiteClock "00:28:04"]
[BlackClock "00:47:25"]
[WhiteTeam "Sachsen"]
[BlackTeam "Sachsen-Anhalt"]
[PlyCount "94"]
[WhiteFideId "16211138"]
[BlackFideId "16212436"]
[EventCountry "GER"]
[EventRounds "7"]
[EventType "team-swiss"]
[EventDate "2017.09.29"]

1. e4 {[%clk 1:30:58]} c5 {[%clk 1:30:50]} 2. c3 {[%clk 1:29:55]} d6 {[%clk
1:29:17]} 3. d4 {[%clk 1:29:06]} Qb6 {[%clk 1:20:37]} 4. Nf3 {[%clk 1:26:06]}
e6 {[%clk 1:16:41]} 5. Na3 {[%clk 1:24:49]} Nd7 {[%clk 1:14:45]} 6. Nc4 {[%clk
1:23:18]} Qc7 {[%clk 1:15:00]} 7. Be3 {[%clk 1:20:42]} b5 {[%clk 1:11:06]} 8.
Ncd2 {[%clk 1:19:47]} a6 {[%clk 1:11:04]} 9. a4 {[%clk 1:19:01]} bxa4 {[%clk
1:09:55]} 10. Qxa4 {[%clk 1:18:47]} Bb7 {[%clk 1:09:56]} 11. Bd3 {[%clk
1:17:04]} Ngf6 {[%clk 1:08:11]} 12. h3 {[%clk 1:16:02]} Be7 {[%clk 1:08:21]}
13. O-O {[%clk 1:16:05]} O-O {[%clk 1:08:35]} 14. Rfc1 {[%clk 1:15:05]} Nb6
{[%clk 1:06:54]} 15. Qc2 {[%clk 1:13:29]} c4 {[%clk 1:05:06]} 16. Be2 {[%clk
1:12:47]} Rfd8 {[%clk 1:02:46]} 17. e5 {[%clk 1:11:55]} dxe5 18. Nxe5 {[%clk
1:11:49]} Bd5 {[%clk 1:00:54]} 19. Bf3 {[%clk 1:11:12]} Bd6 {[%clk 0:59:14]}
20. Bxd5 {[%clk 1:10:10]} Nbxd5 {[%clk 0:58:11]} 21. Nexc4 {[%clk 1:09:51]} Bf4
22. Bxf4 {[%clk 1:05:08]} Nxf4 {[%clk 0:56:02]} 23. Re1 {[%clk 1:04:08]} Qc6
{[%clk 0:54:45]} 24. f3 {[%clk 1:02:05]} N6d5 {[%clk 0:52:19]} 25. Ne5 {[%clk
1:00:03]} f6 {[%clk 0:51:23]} 26. Ne4 {[%clk 0:56:46]} Qd7 {[%clk 0:49:43]} 27.
Nc5 {[%clk 0:55:34]} Qc7 {[%clk 0:46:48]} 28. Ng4 {[%clk 0:53:00]} e5 {[%clk
0:41:56]} 29. Nxa6 {[%clk 0:47:10]} Qc4 {[%clk 0:41:52]} 30. Ra4 {[%clk
0:41:17]} Qc6 {[%clk 0:39:21]} 31. Nc5 {[%clk 0:39:25]} exd4 {[%clk 0:39:36]}
32. Rxa8 {[%clk 0:38:55]} Qxa8 {[%clk 0:37:23]} 33. cxd4 {[%clk 0:37:30]} Qa7
{[%clk 0:36:34]} 34. Qc4 {[%clk 0:35:38]} Qa5 {[%clk 0:33:36]} 35. Rd1 {[%clk
0:30:40]} Qb6 {[%clk 0:32:37]} 36. b3 {[%clk 0:29:35]} Kh8 {[%clk 0:32:53]} 37.
Kf2 {[%clk 0:27:39]} Qa5 {[%clk 0:30:16]} 38. Na4 {[%clk 0:19:49]} Re8 {[%clk
0:30:15]} 39. Qc6 {[%clk 0:08:22]} Re2+ {[%clk 0:24:12]} 40. Kf1 {[%clk
0:07:20]} h5 {[%clk 0:21:21]} 41. Qc8+ {[%clk 0:03:52]} Kh7 {[%clk 0:21:29]}
42. Qf5+ {[%clk 0:03:16]} Kg8 {[%clk 0:21:38]} 43. Qc8+ {[%clk 0:02:23]} Kf7
{[%clk 0:19:46]} 44. g3 {[%clk 0:02:01]} hxg4 {[%clk 0:17:42]} 45. gxf4 {[%clk
0:02:18]} gxf3 {[%clk 0:17:49]} 46. Qd7+ {[%clk 0:28:13]} Re7 {[%clk 0:47:55]}
47. Qc6 {[%clk 0:28:04]} Ne3+ {[%clk 0:47:25]} 0-1

[Event "Deutsche Ländermeisterschaft 2017"]
[Site "Hannover GER"]
[Date "2017.09.30"]
[Round "1"]
[White "Weishäutel, Moritz"]
[Black "Reuker, Jari"]
[Result "1/2-1/2"]
[Termination "normal"]
[Board "3.1"]
[WhiteElo "2077"]
[BlackElo "2335"]
[WhiteClock "00:23:05"]
[BlackClock "00:15:53"]
[WhiteTeam "Thüringen"]
[BlackTeam "Niedersachsen"]
[PlyCount "104"]
[WhiteFideId "12967300"]
[BlackFideId "12909300"]
[EventCountry "GER"]
[EventRounds "7"]
[EventType "team-swiss"]
[EventDate "2017.09.29"]

1. e4 {[%clk 1:30:55]} c5 {[%clk 1:30:37]} 2. Nf3 {[%clk 1:31:20]} e6 {[%clk
1:31:02]} 3. b3 {[%clk 1:31:41]} a6 {[%clk 1:28:49]} 4. Bb2 {[%clk 1:31:36]}
Nc6 {[%clk 1:29:15]} 5. e5 {[%clk 1:29:20]} g5 {[%clk 1:17:57]} 6. h4 {[%clk
1:24:44]} g4 {[%clk 1:14:01]} 7. Ng5 {[%clk 1:23:45]} Bg7 {[%clk 1:10:00]} 8.
f4 {[%clk 1:18:32]} gxf3 {[%clk 1:05:05]} 9. Qxf3 {[%clk 1:18:54]} Nh6 {[%clk
1:03:50]} 10. Qh5 {[%clk 1:07:29]} d6 {[%clk 0:50:32]} 11. Bc4 {[%clk 0:58:13]}
Nxe5 {[%clk 0:45:23]} 12. Bxe5 {[%clk 0:57:40]} dxe5 {[%clk 0:44:02]} 13. Bxe6
{[%clk 0:55:16]} O-O {[%clk 0:40:38]} 14. Bxc8 {[%clk 0:54:41]} Rxc8 {[%clk
0:40:42]} 15. Nc3 {[%clk 0:53:16]} Rc6 {[%clk 0:34:24]} 16. Qe2 {[%clk
0:45:56]} Kh8 {[%clk 0:27:48]} 17. O-O-O {[%clk 0:41:48]} c4 {[%clk 0:24:11]}
18. g4 {[%clk 0:33:41]} cxb3 {[%clk 0:24:29]} 19. axb3 {[%clk 0:34:02]} Qd4
{[%clk 0:21:02]} 20. Nge4 {[%clk 0:31:51]} b5 {[%clk 0:20:55]} 21. g5 {[%clk
0:29:12]} Nf5 {[%clk 0:16:03]} 22. Qf3 {[%clk 0:28:20]} Nd6 {[%clk 0:12:55]}
23. h5 {[%clk 0:19:32]} Nxe4 {[%clk 0:11:19]} 24. Qxe4 {[%clk 0:19:40]} Rfc8
{[%clk 0:11:17]} 25. Kb1 {[%clk 0:17:08]} b4 {[%clk 0:09:52]} 26. Qxd4 {[%clk
0:17:14]} exd4 {[%clk 0:10:19]} 27. Ne4 {[%clk 0:17:12]} Rxc2 {[%clk 0:08:17]}
28. d3 {[%clk 0:12:41]} Rg2 {[%clk 0:05:21]} 29. Rc1 {[%clk 0:12:56]} Rc3
{[%clk 0:04:22]} 30. Nxc3 {[%clk 0:11:53]} dxc3 {[%clk 0:04:48]} 31. Rhe1
{[%clk 0:11:42]} h6 {[%clk 0:02:47]} 32. gxh6 {[%clk 0:09:23]} Rb2+ {[%clk
0:02:22]} 33. Ka1 {[%clk 0:09:50]} Bf6 {[%clk 0:01:07]} 34. Rf1 {[%clk
0:08:07]} Be5 {[%clk 0:01:26]} 35. Rce1 {[%clk 0:07:05]} f6 {[%clk 0:01:45]}
36. d4 {[%clk 0:06:04]} Bxd4 {[%clk 0:02:02]} 37. Rf4 {[%clk 0:06:31]} Re2
{[%clk 0:00:33]} 38. Rxe2 {[%clk 0:04:39]} c2+ {[%clk 0:00:57]} 39. Rxd4 {[%clk
0:05:06]} c1=Q+ {[%clk 0:01:21]} 40. Ka2 {[%clk 0:05:35]} a5 {[%clk 0:00:47]}
41. Rd3 {[%clk 0:02:28]} Kh7 {[%clk 0:27:58]} 42. Rf2 {[%clk 0:30:01]} f5
{[%clk 0:27:46]} 43. Rdf3 {[%clk 0:26:52]} Kxh6 {[%clk 0:27:57]} 44. Rb2 {[%clk
0:26:44]} f4 {[%clk 0:27:50]} 45. Rh2 {[%clk 0:24:23]} a4 {[%clk 0:19:53]} 46.
bxa4 {[%clk 0:23:02]} Qc6 {[%clk 0:15:42]} 47. Rhf2 {[%clk 0:22:09]} Qxa4+
{[%clk 0:15:16]} 48. Kb2 {[%clk 0:21:38]} b3 {[%clk 0:15:08]} 49. Rxf4 {[%clk
0:21:55]} Qa2+ {[%clk 0:15:14]} 50. Kc3 {[%clk 0:22:22]} Qa3 {[%clk 0:15:08]}
51. Rf6+ {[%clk 0:22:41]} Kxh5 {[%clk 0:15:33]} 52. R6f5+ {[%clk 0:23:05]} Kg6
{[%clk 0:15:53]} 1/2-1/2

[Event "Deutsche Ländermeisterschaft 2017"]
[Site "Hannover GER"]
[Date "2017.09.30"]
[Round "1"]
[White "Vöge, Tobias"]
[Black "Philipp, Mathias"]
[Result "1-0"]
[Termination "normal"]
[Board "3.2"]
[WhiteTitle "FM"]
[WhiteElo "2188"]
[BlackElo "2108"]
[WhiteClock "00:21:25"]
[BlackClock "00:29:20"]
[WhiteTeam "Niedersachsen"]
[BlackTeam "Thüringen"]
[PlyCount "100"]
[WhiteFideId "1270513"]
[BlackFideId "12958883"]
[EventCountry "GER"]
[EventRounds "7"]
[EventType "team-swiss"]
[EventDate "2017.09.29"]

1. d4 {[%clk 1:30:49]} d5 {[%clk 1:30:53]} 2. c4 {[%clk 1:31:14]} e6 {[%clk
1:31:21]} 3. Nc3 {[%clk 1:31:41]} f5 {[%clk 1:31:43]} 4. g3 {[%clk 1:32:07]}
Nf6 {[%clk 1:32:09]} 5. Bg2 {[%clk 1:32:33]} c6 {[%clk 1:32:35]} 6. Nf3 {[%clk
1:32:59]} Bd6 {[%clk 1:33:02]} 7. O-O {[%clk 1:33:24]} O-O {[%clk 1:33:29]} 8.
b3 {[%clk 1:33:51]} Ne4 {[%clk 1:32:32]} 9. Bb2 {[%clk 1:34:09]} Nd7 {[%clk
1:32:09]} 10. Qc2 {[%clk 1:33:59]} Qe8 {[%clk 1:16:17]} 11. Nxe4 {[%clk
1:30:53]} fxe4 {[%clk 1:16:30]} 12. Ne5 {[%clk 1:31:18]} Qh5 {[%clk 1:12:18]}
13. Nxd7 {[%clk 1:27:04]} Bxd7 {[%clk 1:12:37]} 14. f3 {[%clk 1:27:03]} exf3
{[%clk 1:11:49]} 15. exf3 {[%clk 1:27:11]} e5 {[%clk 1:06:57]} 16. cxd5 {[%clk
1:24:20]} cxd5 {[%clk 1:02:28]} 17. Qd2 {[%clk 1:12:31]} Bc6 {[%clk 0:59:05]}
18. dxe5 {[%clk 1:01:54]} Bxe5 {[%clk 0:58:54]} 19. Bxe5 Qxe5 {[%clk 0:59:17]}
20. f4 {[%clk 1:01:58]} Qd6 {[%clk 0:58:07]} 21. Rad1 {[%clk 0:57:29]} Rad8
{[%clk 0:58:05]} 22. Qd4 {[%clk 0:55:31]} Rfe8 {[%clk 0:55:26]} 23. Rf2 {[%clk
0:50:54]} b6 {[%clk 0:52:25]} 24. Rfd2 {[%clk 0:47:59]} Qe6 {[%clk 0:51:57]}
25. Rc2 {[%clk 0:37:09]} Bb7 {[%clk 0:40:19]} 26. Rc7 {[%clk 0:36:37]} Re7
{[%clk 0:40:44]} 27. Rxb7 {[%clk 0:34:21]} Rxb7 {[%clk 0:41:10]} 28. Bxd5
{[%clk 0:34:46]} Rxd5 {[%clk 0:41:35]} 29. Qxd5 {[%clk 0:35:12]} Qxd5 {[%clk
0:42:01]} 30. Rxd5 {[%clk 0:35:36]} Rc7 {[%clk 0:42:29]} 31. Rd2 {[%clk
0:35:44]} Kf7 {[%clk 0:42:34]} 32. g4 {[%clk 0:30:48]} Ke6 {[%clk 0:41:27]} 33.
Kf2 {[%clk 0:29:03]} Rc3 {[%clk 0:40:35]} 34. Re2+ {[%clk 0:24:18]} Kf6 {[%clk
0:38:42]} 35. Kg2 {[%clk 0:19:49]} g6 {[%clk 0:33:53]} 36. Rf2 {[%clk 0:15:07]}
h5 {[%clk 0:33:11]} 37. g5+ {[%clk 0:02:03]} Kf5 {[%clk 0:30:34]} 38. Rf3
{[%clk 0:02:32]} Rc2+ {[%clk 0:30:52]} 39. Kg3 {[%clk 0:02:57]} Ke4 {[%clk
0:29:33]} 40. Rf1 {[%clk 0:00:43]} h4+ {[%clk 0:11:37]} 41. Kxh4 {[%clk
0:27:50]} Rxh2+ {[%clk 0:41:52]} 42. Kg3 {[%clk 0:28:12]} Re2 {[%clk 0:41:43]}
43. f5 {[%clk 0:24:58]} Re3+ {[%clk 0:40:56]} 44. Kg4 {[%clk 0:24:25]} gxf5+
{[%clk 0:41:10]} 45. Rxf5 {[%clk 0:24:09]} Re2 {[%clk 0:29:00]} 46. Rf3 {[%clk
0:21:10]} Kd4 {[%clk 0:28:49]} 47. g6 {[%clk 0:20:58]} Re8 {[%clk 0:29:09]} 48.
Kg5 {[%clk 0:20:42]} Kc5 {[%clk 0:29:02]} 49. g7 {[%clk 0:21:00]} Rg8 {[%clk
0:29:20]} 50. Kg6 {[%clk 0:21:25]} Kd5 1-0